[Event "Zheleznogorsk-ch"]
[Site "Zheleznogorsk"]
[Date "2017.02.13"]
[Round "4"]
[White "Streblyanskii, Ilya"]
[Black "Saveliev, Alexandr"]
[Result "0-1"]
[WhiteElo "1876"]
[BlackElo "2285"]
[PlyCount "68"]
[EventDate "2017.02.06"]
[EventType "swiss"]
[EventRounds "9"]
[EventCountry "RUS"]
[SourceTitle "CBM 177 Extra"]
[Source "ChessBase"]
[SourceDate "2017.04.27"]
[SourceVersion "1"]
[SourceVersionDate "2017.04.27"]
[SourceQuality "1"]

1. e4 d5 2. exd5 Qxd5 3. Nf3 Nf6 4. d4 Bg4 5. Be2 e6 6. c4 Qd8 7. Nc3 Be7 8. Be3 Nbd7 9. 0-0 0-0 10. Rc1 Re8 11. Qc2 c6 12. Rfd1 Qc7 13. g3 Rac8 14. Kg2 Bh5 15. a3 a6 16. b4 b5 17. c5 a5 18. Bf4 Qa7 19. Ra1 a4 20. Nxb5 cxb5 21. Bxb5 Bxf3+ 22. Kxf3 Qb7+ 23. Ke2 Qxb5+ 24. Qd3 Qxd3+ 25. Rxd3 Nd5 26. b5 Nxf4+ 27. gxf4 Nxc5 28. dxc5 Rxc5 29. Rb1 Rb8 30. Rd7 Kf8 31. b6 Rc3 32. Kd2 Rb3 33. Rc1 R3xb6 34. Rcc7 Rd6+ 0-1

[Event "Zheleznogorsk-ch"]
[Site "Zheleznogorsk"]
[Date "2017.02.10"]
[Round "3"]
[White "Saveliev, Alexandr"]
[Black "Shastitko, Danil"]
[Result "1/2-1/2"]
[WhiteElo "2285"]
[BlackElo "1934"]
[PlyCount "24"]
[EventDate "2017.02.06"]
[EventType "swiss"]
[EventRounds "9"]
[EventCountry "RUS"]
[SourceTitle "CBM 177 Extra"]
[Source "ChessBase"]
[SourceDate "2017.04.27"]
[SourceVersion "1"]
[SourceVersionDate "2017.04.27"]
[SourceQuality "1"]

1. g3 d5 2. Bg2 Nf6 3. Nf3 e6 4. 0-0 Be7 5. c4 0-0 6. Qc2 c5 7. d3 Nc6 8. Nbd2 b6 9. b3 Bb7 10. Bb2 Rc8 11. a3 Qc7 12. Rad1 Rfd8 1/2-1/2

[Event "Sibiria Region-ch"]
[Site "Novokuznetsk"]
[Date "2008.03.21"]
[Round "9"]
[White "Kalyndu, Aldynbek"]
[Black "Saveliev, Alexandr"]
[Result "0-1"]
[WhiteElo "2124"]
[BlackElo "2284"]
[PlyCount "96"]
[EventDate "2008.03.13"]
[EventType "swiss"]
[EventRounds "9"]
[EventCountry "RUS"]
[SourceTitle "CBM 123 Extra"]
[Source "ChessBase"]
[SourceDate "2008.05.06"]
[SourceVersion "1"]
[SourceVersionDate "2008.05.06"]
[SourceQuality "1"]

1. c4 Nf6 2. Nc3 c5 3. g3 d5 4. cxd5 Nxd5 5. Nf3 Nc6 6. Bg2 Nc7 7. d3 g6 8. 0-0 Bg7 9. Qa4 Bd7 10. Qh4 h6 11. Qc4 b6 12. Qb3 0-0 13. Bd2 Rc8 14. Rac1 Kh7 15. Rfd1 e5 16. Re1 Ne6 17. Qd1 f5 18. Rb1 g5 19. h4 g4 20. Nh2 h5 21. a3 a5 22. Na2 Ne7 23. b4 axb4 24. axb4 Bc6 25. Bxc6 Rxc6 26. bxc5 bxc5 27. Qa4 f4 28. Qe4+ Kh8 29. Rb7 Ra6 30. Nc3 Nf5 31. Qg2 c4 32. Rb5 cxd3 33. Rd5 Rd6 34. exd3 f3 35. Rxd6 Qxd6 36. Qf1 Nxg3 37. fxg3 f2+ 38. Qxf2 Rxf2 39. Kxf2 Qxd3 40. Ne4 Nd4 41. Re3 Qc2 42. Ke1 Bh6 43. Ng5 Qb1+ 44. Kf2 Qf5+ 45. Kg2 Bxg5 46. hxg5 Qxg5 47. Nf1 Qf5 48. Rc3 Qe4+ 0-1

[Event "Sibiria Region-ch"]
[Site "Novokuznetsk"]
[Date "2008.03.20"]
[Round "8"]
[White "Saveliev, Alexandr"]
[Black "Bodak, Artem"]
[Result "1-0"]
[WhiteElo "2284"]
[BlackElo "1731"]
[PlyCount "75"]
[EventDate "2008.03.13"]
[EventType "swiss"]
[EventRounds "9"]
[EventCountry "RUS"]
[SourceTitle "CBM 123 Extra"]
[Source "ChessBase"]
[SourceDate "2008.05.06"]
[SourceVersion "1"]
[SourceVersionDate "2008.05.06"]
[SourceQuality "1"]

1. Nf3 Nf6 2. c4 g6 3. Nc3 Bg7 4. d4 0-0 5. Bg5 d6 6. e3 c6 7. Be2 Qc7 8. 0-0 Nbd7 9. Qc2 e5 10. Rfd1 Nb6 11. h3 Be6 12. c5 dxc5 13. dxe5 Nfd7 14. Be7 Rfe8 15. Bd6 Qc8 16. Ne4 Bd5 17. a4 a5 18. Rac1 Nxe5 19. Nxe5 Bxe5 20. Bxe5 Rxe5 21. Nf6+ Kg7 22. Qc3 Kxf6 23. f4 Kg7 24. Qxe5+ Kg8 25. e4 Bb3 26. Rd3 Bxa4 27. Qxc5 Nd7 28. Qd4 Bb5 29. Qxd7 Qxd7 30. Rxd7 Bxe2 31. Rxb7 Bb5 32. Rd1 Re8 33. Rdd7 Bc4 34. Rd4 Bb5 35. b3 Kg7 36. Rdd7 Rf8 37. e5 Kg8 38. e6 1-0

[Event "Sibiria Region-chT"]
[Site "Kemerovo"]
[Date "2007.12.08"]
[Round "2"]
[White "Tydykov, Anatoliy"]
[Black "Saveliev, Alexandr"]
[Result "0-1"]
[WhiteElo "2313"]
[BlackElo "2284"]
[PlyCount "96"]
[EventDate "2007.12.07"]
[EventType "team"]
[EventRounds "7"]
[EventCountry "RUS"]
[SourceTitle "CBM 122 Extra"]
[Source "ChessBase"]
[SourceDate "2008.03.04"]
[SourceVersion "1"]
[SourceVersionDate "2008.03.04"]
[SourceQuality "1"]

1. d4 c5 2. d5 Nf6 3. Nc3 d6 4. e4 g6 5. Nf3 a6 6. a4 Bg7 7. Be2 0-0 8. 0-0 e5 9. dxe6 Bxe6 10. Ng5 Nc6 11. f4 Nd4 12. Nxe6 fxe6 13. Bd3 d5 14. e5 Nd7 15. Ne2 Nf5 16. c4 Nb6 17. b3 Qc7 18. a5 Nd7 19. cxd5 exd5 20. Bxf5 Rxf5 21. Qxd5+ Kh8 22. Bb2 Rd8 23. Rfd1 Rff8 24. Qd6 Qc8 25. Qe6 Rfe8 26. Qh3 Qc6 27. Nc3 Nf8 28. Qe3 Rxd1+ 29. Rxd1 g5 30. g3 gxf4 31. gxf4 Qg6+ 32. Kh1 Qc2 33. Rd2 Qxb3 34. Qxc5 Ne6 35. Qd5 Qb4 36. Qe4 Qxe4+ 37. Nxe4 Nxf4 38. Nd6 Re6 39. Nf5 Bf8 40. Rd8 Kg8 41. Bc1 Ng6 42. Nh6+ Kg7 43. Rd7+ Kh8 44. Ng4 b6 45. Nf6 Be7 46. axb6 Rxb6 47. Ba3 Re6 48. Bxe7 Rxe7 0-1